| 000 | 00524nam a2200181Ia 4500 | ||
|---|---|---|---|
| 003 | GCL | ||
| 008 | 140319s9999 xx 000 0 ara d | ||
| 040 |
_aGCL / _cGCL |
||
| 082 | 0 | 4 |
_a809.2 _bن م |
| 100 | 1 | _aنيكول ، الارديس | |
| 245 | 1 | 0 |
_aالمسرحية العالمية / _cنيكول ، الارديس |
| 700 | 1 | _aعثمان نويه | |
| 490 | _a | ||
| 650 | 0 | 4 | _aالادب |
| 650 | 0 | 4 | _aالمسرحيات اليونانية |
| 650 | 0 | 4 | _aالمسرحيات - تاريخ ونقد |
| 942 |
_2ddc _cBK |
||
| 999 |
_c41965 _d41965 |
||